Hansel e Gretel (Registo nº 4530)

Detalhes MARC
000 -Etiqueta do registo
Cabeçalho 00848nam0a2200253 4500
005 - Identificador da versão
Campo de controlo 20240904165625.0
010 ## - Número internacional normalizado dos livros (ISBN)
Número (ISBN) 9722600494
100 ## - Dados gerais de processamento
Dados gerais de processamento 20161111d1979 b y0pory5003 ba
101 1# - Língua de publicação
Língua do texto, banda sonora, etc. Português
Língua do documento no original Francês
102 ## - Pais de publicação ou produção
País de publicação Portugal
200 1# - Titulo e menção de responsabilidade
Título próprio Hansel e Gretel
Informação de outro título a casinha de chocolate
Primeira menção de responsabilidade [irmãos Grimm]
Outras menções de responsabilidade adaptação livre de Eileen
-- trad. Maria Alice Moura Bessa
210 ## - Publicação, Distribuição, etc. 
Lugar da edição, distribuição, etc. [S. l.]
Nome do editor, distribuidor, etc. Civilização
Data da publicação, distribuição, etc. cop. 1977
Data da impressão imp. 1979
215 ## - Descrição física 
Indicação específica da natureza do documento e extensão da espécie 20 p.
Outras indicações físicas il. color
225 1# - Colecção 
Título próprio da colecção As crianças e a fábula
Indicação de volume 6
606 ## - Nome comum usado como assunto
Número de registo de entrada de autoridade 0001462
Palavra de ordem Literatura alemã
Subdivisão de assunto Conto
Código do sistema CA
675 ## - Classificação Decimal Universal (CDU)
Notação 821.112.2-34
Edição 3ª ed.
Língua da edição por
702 #0 - Nome de autor-pessoa física (responsabilidade secundária)
Número de registo de entrada de autoridade 0000517
Palavra de ordem Eileen
Código de função Adaptador
Número de registo de entrada de autoridade 0000540
Palavra de ordem Bessa
Outra parte do nome não tomada para palavra de ordem Maria Alice Moura
Código de função Tradutor
Número de registo de entrada de autoridade 0001547
Palavra de ordem Grimm
Outra parte do nome não tomada para palavra de ordem Jacob
Elementos de identificação ou distinção e outro
Datas 1785-1863
Código de função Antecedente bibliográfico
Número de registo de entrada de autoridade 0001548
Palavra de ordem Grimm
Outra parte do nome não tomada para palavra de ordem Whilhelm
Elementos de identificação ou distinção e outro
Datas 1786-1859
Código de função Antecedente bibliográfico
942 ## - Elementos de entrada adicionados (Koha)
Tipo de item no Koha Livro
966 ## - Identificação da Biblioteca
Sigla EBVEN
Exemplares
Situação do levantamento Origin of item (home branch) (coded) Biblioteca de empréstimo Código de barras Cota Circulation type (not for loan) Tipo de documento Nota do exemplar Damaged status
  Biblioteca Escolar das Vendas Biblioteca Escolar das Vendas BEV9 8EST HAN   Livro Sem mensagem